00426nam a22001457a 4500003000400000005001700004008004100021020001800062040000900080082001700089100003000106245008800136260004600224300001000270OSt20221110154352.0221110b ||||| |||| 00| 0 eng d a9788122433494 coclc a641.1bMUD/F1 aMudambi, Sumati Rajagopal aFundamentals of foods, nutrition and diet therapycSaumati R Mudambi, M V Rajagopal aNew Delhi:bNew Age international,c2015. a400 p